000 00410nam a2200181Ia 4500
001 2070
005 20260306143815.0
008 260306t2006||||xx |||||||||||||| ||spa||
041 _aESP
082 _a612
_bG19
100 _aGanong, William F.
_eAUT
245 0 _aFisiología médica
260 _c2006
300 _a764 páginas :
_c28 cm.
650 _aGEN
654 _aCPS
942 _cLIB
_dJUS
_fJUS
_2ddc
_n
999 _c2070
_d2070